[Event "FRA-ch op-C"]
[Site "Nimes"]
[Date "2018.08.18"]
[Round "1"]
[White "Flouret, Jean Frederic"]
[Black "Perrin, Yves"]
[Result "0-1"]
[WhiteElo "1630"]
[BlackElo "1755"]
[PlyCount "68"]
[EventDate "2018.08.18"]
[EventType "swiss"]
[EventRounds "9"]
[EventCountry "FRA"]
[SourceTitle "EXT 2020"]
[Source "ChessBase"]
[SourceDate "2019.10.17"]
[SourceVersion "1"]
[SourceVersionDate "2019.10.17"]
[SourceQuality "1"]

1. e4 e6 2. d4 c5 3. Nf3 Qb6 4. d5 Nf6 5. dxe6 dxe6 6. Nc3 a6 7. Bc4 Qb4 8. Qe2 b5 9. Bb3 c4 10. a3 Qa5 11. Ba2 Bb7 12. Bd2 Qc7 13. 0-0 Nbd7 14. Ng5 h6 15. Nh3 g5 16. f3 Bd6 17. g3 Rg8 18. Kh1 Nh5 19. f4 g4 20. Nf2 Nhf6 21. Kg1 Bc5 22. Be3 h5 23. Rad1 h4 24. f5 hxg3 25. Nh1 gxh2+ 26. Kg2 Nxe4 27. Nxe4 Bxe4+ 28. Kf2 g3+ 29. Ke1 g2 30. fxe6 fxe6 31. Qh5+ Bg6 32. Qf3 gxf1Q+ 33. Qxf1 Qe5 34. Qf4 Qxe3+ 0-1